Dôsledky koronavírusu na obchodovanie na menových trhoch bakalárska práca
Enregistré dans:
| Auteur principal: | |
|---|---|
| Collectivité auteur: | |
| Autres auteurs: | |
| Format: | Livre |
| Langue: | slovaque |
| Publié: |
Košice
2021
|
| Tags: |
Pas de tags, Soyez le premier à ajouter un tag!
|
MARC
| LEADER | 00000nbm a2200000 4500 | ||
|---|---|---|---|
| 001 | 0274961 | ||
| 005 | 20220330134935.3 | ||
| 041 | 0 | |a slo | |
| 044 | |a SK | ||
| 245 | 1 | 0 | |a Dôsledky koronavírusu na obchodovanie na menových trhoch |b bakalárska práca |c Adrián Tomašov ; školiteľ: Erika Dudáš Pajerská |
| 264 | 1 | |a Košice |c 2021 | |
| 300 | |a 56 s. | ||
| 100 | 1 | |a Tomašov, Adrián | |
| 700 | 1 | |a Dudáš-Pajerská, Erika, 1988- | |
| 710 | 2 | |a Podnikovohospodárska fakulta EU so sídlom v Košiciach. Katedra obchodného podnikania | |